000
00310nam a22001337a 4500
003
OSt
008
250128b |||||||| |||| 00| 0 eng d
041
_a
eng
100
_a
Pandey, MM
_9
7013
245
_a
Power Tillers and Machinery Implements
260
_c
1983.
700
_a
Maheshwari, CP
_9
7014
942
_c
BK
999
_c
19162
_d
19162